LDR 00959naa#a2200193#i#450# 001 RU\\bibl\118704 005 20260515162555.5 011 ## _a1994-4683 100 ## _a20230428b2023####ek#y0rusy0150####ca 102 ## _aRU 200 1# _aИННОВАЦИИ ОПЕРАТИВНОГО КОНТРОЛЯ НА УРОКАХ ФИЗИЧЕСКОЙ КУЛЬТУРЫ НА ПРИМЕРЕ ЛЕГКОАТЛЕТИЧЕСКИХ УПРАЖНЕНИЙ _eЖурнальная статья 210 1# _aМосква _cНациональный государственный Университет физической культуры, спорта и здоровья им. П.Ф. Лесгафта _d2023 215 ## _a4 с. 608 ## _aЖурнальная статья _2local 675 ## _aЛегкая атлетика в целом. 796.42 _z 700 #1 _aКлейменова _gМ Д 700 #1 _aЗвягинцев _gП Н 700 #1 _aКокоулина _gО П 856 4# _auchzapiski.lesgaft.spb.ru _u